书目信息 |
| 题名: |
低脂 低油 低盐的美食生活
|
|
| 作者: | 王晶 主编 | |
| 分册: | ||
| 出版信息: | 北京 电子工业出版社 2018.03 |
|
| 页数: | 208页 | |
| 开本: | 24cm | |
| 丛书名: | ||
| 单 册: | ||
| 中图分类: | R155.1 | |
| 科图分类: | ||
| 主题词: | 饮食营养学--yin shi ying yang xue--基本知识 | |
| 电子资源: | ||
| ISBN: | 978-7-121-33556-3 | |
| 000 | 01076nam0 2200253 450 | |
| 001 | CAL 0120182480320 | |
| 005 | 20180614132612.4 | |
| 010 | @a978-7-121-33556-3@b@dCNY49.90 | |
| 100 | @a20180612d2018 em y0chiy50 ea | |
| 101 | 0 | @achi |
| 102 | @aCN@b110000 | |
| 105 | @aa z 000yy | |
| 106 | @ar | |
| 200 | 1 | @a低脂 低油 低盐的美食生活@Adi zhi di you di yan de mei shi sheng huo@f王晶主编@g |
| 210 | @a北京@c电子工业出版社@d2018.03 | |
| 215 | @a208页@c彩图@d24cm | |
| 314 | @a王晶, 解放军309医院营养科主任医师等职。 | |
| 330 | @a本书以营养为基础, 向读者介绍“低脂、低油、低盐”饮食。首先让读者认识到为什么要“三低饮食”? 因为脂、油、盐是优质健康生活的分水岭。然后分别详细地从三个方面教读者如何做到“三低饮食”, 即低脂不等于寡淡无味 —— 吃对了依旧可以有鱼有肉 ; 低盐不只是限制食盐 —— 更要算清隐形盐 ; 低油要严控数量提高质量 —— 健康、美味不打折。 | |
| 606 | 0 | @a饮食营养学@Ayin shi ying yang xue@x基本知识 |
| 690 | @aR155.1@v5 | |
| 701 | 0 | @a王晶@Awang jing@4主编 |
| 801 | 0 | @aCN@b人天书店@c20180612@g |
| 905 | @aBZT@dR155.1@e13 | |
| 906 | @dCNY49.90@n3@r1 | |
| 低脂 低油 低盐的美食生活/王晶主编.-北京:电子工业出版社,2018.03 |
| 208页:彩图;24cm |
| ISBN 978-7-121-33556-3:CNY49.90 |
| 本书以营养为基础, 向读者介绍“低脂、低油、低盐”饮食。首先让读者认识到为什么要“三低饮食”? 因为脂、油、盐是优质健康生活的分水岭。然后分别详细地从三个方面教读者如何做到“三低饮食”, 即低脂不等于寡淡无味 —— 吃对了依旧可以有鱼有肉 ; 低盐不只是限制食盐 —— 更要算清隐形盐 ; 低油要严控数量提高质量 —— 健康、美味不打折。 |
| ● |
| 相关链接 |
|
|
|
正题名:低脂 低油 低盐的美食生活
索取号:R155.1/13
 
预约/预借
| 序号 | 登录号 | 条形码 | 馆藏地/架位号 | 状态 | 备注 |
| 1 | 848501 | 2000848501 | 第二书库/ [索取号:R155.1/13] | 在馆 | |
| 2 | 848502 | 2000848502 | 第二书库/ [索取号:R155.1/13] | 在馆 | |
| 3 | 848503 | 2000848503 | 第二书库/ [索取号:R155.1/13] | 在馆 |